[Event "XIV C.to Italiano U20"]
[Site "Bratto - Castione della Presolana ITA"]
[Date "2006.08.22"]
[Round "4"]
[White "Stromboli, Ettore"]
[Black "Parodi, Alessandro"]
[Result "1-0"]
[WhiteElo "2224"]
[BlackElo "1918"]
[PlyCount "51"]
[EventDate "2006.08.19"]

1. e4 d6 2. d4 Nf6 3. Nc3 g6 4. Nf3 Bg7 5. h3 O-O 6. Be3 c6 7. Qd2 b5 8. Bd3
Nbd7 9. Bh6 Qc7 10. Ne2 a6 11. Ng3 c5 12. c3 Bb7 13. Qg5 cxd4 14. cxd4 e5 15.
Bxg7 Kxg7 16. O-O Rfe8 17. d5 Kf8 18. Qh6+ Ke7 19. Ng5 Rg8 20. Rae1 Qd8 21. f4
Qf8 22. Qh4 h5 23. fxe5 dxe5 24. Nh7 Qg7 25. Nxf6 Nxf6 26. Qg5 1-0

[Event "XIV C.to Italiano U20"]
[Site "Bratto - Castione della Presolana ITA"]
[Date "2006.08.22"]
[Round "4"]
[White "Torrisi, Andrea"]
[Black "Mereu, Matteo"]
[Result "1-0"]
[WhiteElo "1917"]
[BlackElo "1497"]
[PlyCount "73"]
[EventDate "2006.08.19"]

1. d4 Nf6 2. Nf3 d5 3. c4 e6 4. e3 c6 5. Nbd2 g6 6. b3 Bg7 7. Bb2 Nbd7 8. Bd3
O-O 9. Ne5 c5 10. f4 b6 11. O-O Bb7 12. Ndf3 cxd4 13. exd4 dxc4 14. Nxc4 Nd5
15. Ba3 Ne7 16. Nfe5 Nxe5 17. dxe5 Qd5 18. Qe2 Qd4+ 19. Kh1 Rfd8 20. Nd6 Nc8
21. Bb2 Rxd6 22. Bxd4 Rxd4 23. Rac1 Rb8 24. Rc7 b5 25. Bxb5 Nb6 26. Rfc1 Nd5
27. Rxb7 Rxb7 28. Qf2 Rxf4 29. Rc8+ Bf8 30. Qc5 Ne7 31. g3 Rf5 32. Ra8 Kg7 33.
Qd6 f6 34. Bc6 Rb6 35. Rxf8 Nxc6 36. Rc8 Nxe5 37. Qf8# 1-0

[Event "XIV C.to Italiano U20"]
[Site "Bratto - Castione della Presolana ITA"]
[Date "2006.08.22"]
[Round "4"]
[White "Zermian, Federico"]
[Black "Taglione, Stefano"]
[Result "0-1"]
[WhiteElo "1560"]
[BlackElo "1667"]
[PlyCount "40"]
[EventDate "2006.08.19"]

1. e4 c5 2. Nc3 Nc6 3. g3 e6 4. Bg2 Nf6 5. d3 d5 6. Bg5 Be7 7. Qd2 O-O 8. O-O-O
Qa5 9. Bxf6 Bxf6 10. exd5 Nb4 11. Kb1 Bxc3 12. Qxc3 Qxa2+ 13. Kc1 Qa5 14. Kb1
exd5 15. Qa3 Qd8 16. c3 Nxd3 17. Rxd3 Bf5 18. c4 dxc4 19. Bxb7 cxd3 20. Bxa8
d2+ 0-1

[Event "XIV C.to Italiano U20"]
[Site "Bratto - Castione della Presolana ITA"]
[Date "2006.08.23"]
[Round "5"]
[White "Bartoli, Fabio"]
[Black "Gallucci, Alessio"]
[Result "0-1"]
[WhiteElo "1572"]
[BlackElo "1840"]
[PlyCount "64"]
[EventDate "2006.08.19"]

1. e4 c5 2. Nf3 Nc6 3. d4 cxd4 4. Nxd4 Nf6 5. Nc3 e5 6. Ndb5 d6 7. Bg5 a6 8.
Na3 b5 9. Nd5 Be7 10. Nxe7 Nxe7 11. Bxf6 gxf6 12. Qd2 Be6 13. c4 O-O 14. Rd1
Nc6 15. Qxd6 Qa5+ 16. Qd2 b4 17. Nc2 Rfd8 18. Bd3 Bxc4 19. Bxc4 Rxd2 20. Rxd2
Nd4 21. Nxd4 exd4 22. Ke2 Rd8 23. f3 Qg5 24. Kd1 a5 25. Kc2 a4 26. Rhd1 Qc5 27.
b3 axb3+ 28. axb3 Qa5 29. Kd3 Qg5 30. Kc2 Ra8 31. Bd5 Ra2+ 32. Kc1 Qe3 0-1

[Event "XIV C.to Italiano U20"]
[Site "Bratto - Castione della Presolana ITA"]
[Date "2006.08.23"]
[Round "5"]
[White "Bonafede, Alessandro"]
[Black "Bellemo, Davide"]
[Result "1/2-1/2"]
[WhiteElo "2175"]
[BlackElo "2093"]
[PlyCount "55"]
[EventDate "2006.08.19"]

1. e4 e5 2. Nf3 Nc6 3. Bb5 a6 4. Ba4 Nf6 5. O-O Be7 6. Re1 b5 7. Bb3 O-O 8. h3
d6 9. c3 Na5 10. Bc2 c5 11. d4 Qc7 12. d5 c4 13. Nbd2 Nb7 14. Nf1 Nc5 15. Ng3
Re8 16. Nh2 g6 17. Bg5 Kg7 18. Qd2 Ng8 19. Be3 Bf6 20. f4 exf4 21. Bxf4 Be5 22.
Bxe5+ dxe5 23. Nhf1 Nb7 24. Ne3 Nd6 25. Kh1 Rb8 26. Rf1 Nh6 27. Rf2 Qe7 28.
Raf1 1/2-1/2

[Event "XIV C.to Italiano U20"]
[Site "Bratto - Castione della Presolana ITA"]
[Date "2006.08.23"]
[Round "5"]
[White "Boscolo, Marco"]
[Black "Mora, Lorenzo"]
[Result "1-0"]
[WhiteElo "2041"]
[BlackElo "1871"]
[PlyCount "43"]
[EventDate "2006.08.19"]

1. e4 e5 2. Nf3 Nc6 3. Bb5 a6 4. Ba4 Nf6 5. O-O Nxe4 6. d4 b5 7. Bb3 d5 8. dxe5
Be6 9. c3 Be7 10. a4 Na5 11. Bc2 O-O 12. axb5 axb5 13. Nd4 Bd7 14. f3 Ng5 15.
Qd3 g6 16. f4 Ne6 17. f5 Nc5 18. Qf3 Ncb7 19. f6 Bc5 20. Qf4 Kh8 21. Qh6 Rg8
22. Rf4 1-0

[Event "XIV C.to Italiano U20"]
[Site "Bratto - Castione della Presolana ITA"]
[Date "2006.08.23"]
[Round "5"]
[White "Bosi, Clint"]
[Black "Marazzi, Dominic"]
[Result "1/2-1/2"]
[WhiteElo "2050"]
[BlackElo "1679"]
[PlyCount "20"]
[EventDate "2006.08.19"]

1. d4 Nf6 2. c4 e6 3. Nf3 d5 4. g3 Be7 5. Bg2 O-O 6. O-O dxc4 7. Ne5 c6 8. Nxc4
Nbd7 9. Bf4 Nb6 10. b3 Nfd5 1/2-1/2

[Event "XIV C.to Italiano U20"]
[Site "Bratto - Castione della Presolana ITA"]
[Date "2006.08.23"]
[Round "5"]
[White "Cantu', Guido"]
[Black "Coladangelo, Andrea"]
[Result "1/2-1/2"]
[WhiteElo "1842"]
[BlackElo "1548"]
[PlyCount "70"]
[EventDate "2006.08.19"]

1. e4 e5 2. Nf3 Nc6 3. d4 exd4 4. Nxd4 Qh4 5. Nc3 Bb4 6. Ndb5 Ba5 7. Bd3 Nf6 8.
O-O a6 9. Na3 O-O 10. f3 b5 11. Ne2 Bb6+ 12. Kh1 Nh5 13. Qe1 Qxe1 14. Rxe1 d6
15. Nf4 Nxf4 16. Bxf4 Ne5 17. Rad1 Be6 18. b3 Bc5 19. Nb1 Rfb8 20. Be3 Bxe3 21.
Rxe3 a5 22. Nc3 b4 23. Nd5 Bxd5 24. exd5 Nxd3 25. Rdxd3 a4 26. Kg1 axb3 27.
axb3 Re8 28. Rxe8+ Rxe8 29. Rd4 Rb8 30. Rc4 Rb7 31. Kf2 Kf8 32. Ke3 Ke7 33.
Re4+ Kf6 34. Rf4+ Ke7 35. Re4+ Kf6 1/2-1/2

[Event "XIV C.to Italiano U20"]
[Site "Bratto - Castione della Presolana ITA"]
[Date "2006.08.23"]
[Round "5"]
[White "Caruana, Fabiano"]
[Black "Stromboli, Carlo"]
[Result "1-0"]
[WhiteElo "2444"]
[BlackElo "2196"]
[PlyCount "71"]
[EventDate "2006.08.19"]

1. e4 e5 2. Nf3 Nc6 3. Bb5 a6 4. Ba4 Nf6 5. O-O b5 6. Bb3 Bc5 7. a4 Bb7 8. c3
d6 9. d4 Bb6 10. Bg5 h6 11. Bxf6 Qxf6 12. Bd5 Rb8 13. dxe5 dxe5 14. Na3 bxa4
15. Qxa4 O-O 16. Nc4 Rfe8 17. b4 g6 18. Rad1 Kg7 19. h3 h5 20. Rd3 Red8 21.
Rfd1 Ba7 22. Qc2 Rd7 23. Qe2 Re8 24. h4 Nd8 25. Bxb7 Rxd3 26. Rxd3 Nxb7 27. Rd7
Bb8 28. Qd3 Nd6 29. Nxd6 cxd6 30. Qxa6 Qf4 31. Qd3 Rc8 32. g3 Qc1+ 33. Kg2 Qxc3
34. Qd5 Rf8 35. Ng5 Qd4 36. Rxf7+ 1-0

[Event "XIV C.to Italiano U20"]
[Site "Bratto - Castione della Presolana ITA"]
[Date "2006.08.23"]
[Round "5"]
[White "De Filomeno, Simone"]
[Black "De Nisi, Mario"]
[Result "0-1"]
[WhiteElo "1687"]
[BlackElo "1974"]
[PlyCount "148"]
[EventDate "2006.08.19"]

1. e4 e6 2. d4 d5 3. exd5 exd5 4. Nf3 Bd6 5. Bd3 Ne7 6. O-O c6 7. Re1 Bg4 8. c3
Qc7 9. h3 Bh5 10. Nbd2 Nd7 11. b4 Bg6 12. Bxg6 hxg6 13. Ng5 Nf8 14. Qg4 Qd7 15.
Qxd7+ Nxd7 16. Bb2 Nf8 17. Ndf3 f6 18. Ne6 Nxe6 19. Rxe6 Kd7 20. Rae1 Rae8 21.
Bc1 g5 22. Nh2 Bxh2+ 23. Kxh2 Nf5 24. Rxe8 Rxe8 25. Rxe8 Kxe8 26. f4 gxf4 27.
Bxf4 g5 28. g4 Ne7 29. Bb8 a6 30. Kg3 Nc8 31. Kf3 Kd7 32. Ke3 Ke6 33. Bc7 Kd7
34. Bb8 Nb6 35. Kd3 Ke6 36. Bg3 f5 37. gxf5+ Kxf5 38. Bb8 Nd7 39. Bg3 Nf6 40.
Be1 Nh5 41. h4 g4 42. Ke3 Nf6 43. Bg3 Ne4 44. Be1 b5 45. a3 Nd6 46. Kf2 Nc4 47.
Kg3 Nxa3 48. h5 Kg5 49. h6 Kxh6 50. Kxg4 Kg6 51. Kf4 Kf6 52. Bh4+ Ke6 53. Be1
Nc4 54. Kg5 a5 55. bxa5 Nxa5 56. Kg6 Nb3 57. Kg5 c5 58. dxc5 Nxc5 59. Kg4 Kd6
60. Kf3 Nd3 61. Bd2 Kc5 62. Bh6 Kc4 63. Bg7 Nc5 64. Ke2 Ne4 65. Kd1 Nxc3+ 66.
Kc2 Ne4 67. Bh8 d4 68. Kd1 d3 69. Bg7 Kb3 70. Bh6 b4 71. Kc1 d2+ 72. Kd1 Kc3
73. Bf4 Kd3 74. Bg3 Nc3# 0-1

[Event "XIV C.to Italiano U20"]
[Site "Bratto - Castione della Presolana ITA"]
[Date "2006.08.23"]
[Round "5"]
[White "Dvirnyy, Danyyil"]
[Black "Ronchetti, Niccolo'"]
[Result "1/2-1/2"]
[WhiteElo "2280"]
[BlackElo "2421"]
[PlyCount "116"]
[EventDate "2006.08.19"]

1. e4 g6 2. d4 Bg7 3. Nc3 d6 4. f4 a6 5. Nf3 b5 6. a4 b4 7. Nd5 Bb7 8. Nxb4
Bxe4 9. Bc4 Nh6 10. O-O O-O 11. Ng5 Bb7 12. c3 a5 13. Nc2 Nd7 14. Ne3 Nb6 15.
Bb3 e6 16. h4 Qc8 17. h5 c5 18. dxc5 Qxc5 19. Kh2 Rfe8 20. Qe1 Nd5 21. Nxd5
Bxd5 22. Bc2 f5 23. hxg6 hxg6 24. Bd1 Nf7 25. Nf3 Bf6 26. Be3 Qc7 27. Qg3 Kg7
28. Nd4 Rh8+ 29. Kg1 Bh4 30. Qh3 Bf2+ 31. Rxf2 Rxh3 32. gxh3 Rh8 33. Bf3 Qc4
34. Be2 Qc8 35. Bf1 e5 36. Nb5 g5 37. Rd1 Bb3 38. Nxd6 Qe6 39. fxe5 Bxd1 40.
Bc4 Qd7 41. Bd4 Kh7 42. Nxf7 Rf8 43. Be6 Qc7 44. Bxf5+ Kg8 45. Nh6+ Kg7 46. Ng4
Rd8 47. Nf6 Bxa4 48. Bg4 Be8 49. e6 Qg3+ 50. Kf1 Bb5+ 51. Be2 Qxh3+ 52. Ke1
Qxe6 53. Nd5+ Kg8 54. Nc7 Qe4 55. Nxb5 Qb1+ 56. Kd2 Qxb2+ 57. Kd1 Qb1+ 58. Kd2
Qb2+ 1/2-1/2

[Event "XIV C.to Italiano U20"]
[Site "Bratto - Castione della Presolana ITA"]
[Date "2006.08.23"]
[Round "5"]
[White "Finocchiaro, Gianluca"]
[Black "Lapiccirella, Daniele"]
[Result "0-1"]
[WhiteElo "1986"]
[BlackElo "2146"]
[PlyCount "96"]
[EventDate "2006.08.19"]

1. e4 c5 2. c3 d5 3. exd5 Qxd5 4. d4 e6 5. Nf3 Nf6 6. Na3 Nc6 7. Be2 cxd4 8.
Nb5 Qd8 9. Nbxd4 Nxd4 10. Qxd4 Qxd4 11. Nxd4 Bc5 12. Bb5+ Bd7 13. Bxd7+ Kxd7
14. Nb3 Bb6 15. O-O Ng4 16. h3 Ne5 17. Bf4 Nc4 18. Rab1 Rhd8 19. Nd2 Nxd2 20.
Bxd2 Kc6 21. Rbd1 Rd5 22. c4 Rd4 23. Bc3 Rxc4 24. Bxg7 Rc2 25. Be5 Rg8 26. Rd6+
Kb5 27. Rd7 Rg5 28. Bc3 Rf5 29. Rd2 Rxd2 30. Bxd2 a5 31. Bc3 a4 32. g4 Rf3 33.
Kg2 Rd3 34. a3 Bc5 35. Rc1 b6 36. Rc2 Kc4 37. Bh8+ Kb3 38. Re2 Bd4 39. Bxd4
Rxd4 40. Kf3 Rc4 41. Re5 Kxb2 42. Rb5+ Kxa3 43. Rxb6 Rb4 44. Rd6 Kb2 45. Rd2+
Kc1 46. Ra2 Rb3+ 47. Kf4 a3 48. Ke5 Kb1 0-1

[Event "XIV C.to Italiano U20"]
[Site "Bratto - Castione della Presolana ITA"]
[Date "2006.08.23"]
[Round "5"]
[White "Fossati, Remigio"]
[Black "Lain, Luigi"]
[Result "1-0"]
[WhiteElo "2203"]
[BlackElo "2254"]
[PlyCount "65"]
[EventDate "2006.08.19"]

1. d4 d5 2. Bg5 c5 3. Nc3 Nc6 4. e3 h6 5. Bh4 g5 6. Bg3 Bg7 7. Bb5 cxd4 8. exd4
a6 9. Bxc6+ bxc6 10. Qd2 Bf5 11. Nf3 e6 12. O-O Nf6 13. Ne5 Rc8 14. Nd1 Ne4 15.
Qe2 Qb6 16. Ne3 Nxg3 17. hxg3 Qxd4 18. Nxf5 Qxe5 19. Qxa6 Rc7 20. Nxg7+ Qxg7
21. Qb6 Kd7 22. a4 Ra8 23. a5 Qh8 24. c4 Rb8 25. Qc5 Qxb2 26. a6 Qb3 27. Rfc1
Ra8 28. cxd5 exd5 29. Re1 Rd8 30. a7 Ra8 31. Qe7+ Kc8 32. Qe8+ Kb7 33. Qxa8+
1-0

[Event "XIV C.to Italiano U20"]
[Site "Bratto - Castione della Presolana ITA"]
[Date "2006.08.23"]
[Round "5"]
[White "Fratino, Lorenzo"]
[Black "Pomaro, Alberto"]
[Result "0-1"]
[WhiteElo "1901"]
[BlackElo "2046"]
[PlyCount "90"]
[EventDate "2006.08.19"]

1. e4 e6 2. d4 d5 3. exd5 exd5 4. Bd3 Bd6 5. Qf3 Nc6 6. c3 Be6 7. Ne2 Nge7 8.
Bf4 Ng6 9. Bxd6 Qxd6 10. Nd2 O-O-O 11. O-O-O Rhe8 12. Nf1 Na5 13. Ne3 Ne7 14.
Qg3 g6 15. Qxd6 Rxd6 16. h3 Bd7 17. Ng1 a6 18. Nf3 Bb5 19. Bxb5 axb5 20. Rhe1
f6 21. Re2 Re6 22. b3 Nf5 23. Rde1 Nxe3 24. Rxe3 Rxe3 25. Rxe3 Rxe3 26. fxe3
Kd7 27. Kd2 b6 28. Kd3 c5 29. e4 c4+ 30. bxc4 bxc4+ 31. Ke3 Ke6 32. exd5+ Kxd5
33. Nd2 Nb7 34. Ne4 Ke6 35. Kf4 g5+ 36. Ke3 h6 37. g4 b5 38. Ng3 Nd6 39. Ne4 f5
40. Nxd6 f4+ 41. Kf3 Kxd6 42. Ke4 b4 43. cxb4 c3 44. Kd3 f3 45. a4 f2 0-1

[Event "XIV C.to Italiano U20"]
[Site "Bratto - Castione della Presolana ITA"]
[Date "2006.08.23"]
[Round "5"]
[White "Lai, Luca"]
[Black "Cozzarin, Davide"]
[Result "1-0"]
[WhiteElo "1877"]
[BlackElo "2062"]
[PlyCount "69"]
[EventDate "2006.08.19"]

1. e4 e6 2. Nf3 d5 3. e5 c5 4. b4 cxb4 5. d4 Ne7 6. a3 Ng6 7. h4 bxa3 8. h5 Ne7
9. Nxa3 Bd7 10. Bd3 h6 11. c3 a6 12. g4 Nbc6 13. Nh4 Nxe5 14. dxe5 Qc7 15. Bf4
Qxc3+ 16. Kf1 Rc8 17. Nc2 d4 18. Ra3 Qc5 19. Nf3 Nc6 20. Kg2 Qa7 21. Ra1 Bc5
22. Qe2 Nb4 23. Nxb4 Bxb4 24. Nd2 Bc3 25. Ne4 Bc6 26. Rab1 b5 27. Kg3 Bxe4 28.
Qxe4 b4 29. Ra1 Bxa1 30. Rxa1 a5 31. Bb5+ Ke7 32. Bd2 Qb6 33. Rxa5 Rc3+ 34.
Bxc3 bxc3 35. Ra6 1-0

[Event "XIV C.to Italiano U20"]
[Site "Bratto - Castione della Presolana ITA"]
[Date "2006.08.23"]
[Round "5"]
[White "Mereu, Matteo"]
[Black "Bernardini, Luca"]
[Result "1-0"]
[WhiteElo "1497"]
[BlackElo "1826"]
[PlyCount "133"]
[EventDate "2006.08.19"]

1. e4 e5 2. f4 Bc5 3. Nf3 d6 4. c3 Nf6 5. d4 exd4 6. cxd4 Bb6 7. Nc3 O-O 8. e5
dxe5 9. fxe5 Nd5 10. Bc4 Be6 11. Qb3 c6 12. Bg5 Qd7 13. O-O-O Ba5 14. Bd2 b5
15. Bxd5 Bxd5 16. Nxd5 Bxd2+ 17. Rxd2 cxd5 18. Qd3 a6 19. Ng5 g6 20. h4 Nc6 21.
a3 Rfc8 22. Kb1 b4 23. h5 bxa3 24. Nxh7 Qf5 25. Nf6+ Kg7 26. Qxf5 a2+ 27. Kxa2
gxf5 28. h6+ Kh8 29. h7 Ne7 30. Rd3 Rc6 31. Rg3 Ng6 32. Nxd5 Rd8 33. Nf6 Rxd4
34. Rb3 Rd8 35. Rb7 Nxe5 36. Ng8 Rcd6 37. Nh6 R6d7 38. Rxd7 Rxd7 39. Nxf5 f6
40. Rh6 Ng4 41. Rg6 Rd5 42. Rxg4 Rxf5 43. Rh4 Rg5 44. Rh2 Rg7 45. Ka3 Rxh7 46.
Rxh7+ Kxh7 47. Ka4 Kg6 48. Ka5 Kg5 49. Kxa6 Kg4 50. b4 Kg3 51. b5 f5 52. b6
Kxg2 53. b7 f4 54. b8=Q f3 55. Qg8+ Kh2 56. Qh7+ Kg1 57. Qb1+ Kg2 58. Qg6+ Kf1
59. Kb5 f2 60. Kc4 Ke1 61. Qe4+ Kf1 62. Kd3 Kg1 63. Qg4+ Kh1 64. Qd1+ Kg2 65.
Ke2 Kg3 66. Qf1 Kh2 67. Qxf2+ 1-0

[Event "XIV C.to Italiano U20"]
[Site "Bratto - Castione della Presolana ITA"]
[Date "2006.08.23"]
[Round "5"]
[White "Navarro, Stefano"]
[Black "Stromboli, Ettore"]
[Result "1/2-1/2"]
[WhiteElo "2224"]
[BlackElo "2224"]
[PlyCount "86"]
[EventDate "2006.08.19"]

1. e4 e6 2. d4 d5 3. exd5 exd5 4. c4 Bb4+ 5. Nc3 Nf6 6. Bd3 O-O 7. Nge2 dxc4 8.
Bxc4 Bf5 9. O-O Nbd7 10. Ng3 Bg6 11. f4 Nb6 12. Bb3 Bxc3 13. bxc3 Be4 14. Nxe4
Nxe4 15. Qc2 Nd6 16. Qd3 Re8 17. f5 Qf6 18. c4 Nd7 19. c5 Ne4 20. Bf4 Rad8 21.
Bxc7 Ndxc5 22. Bxd8 Qxd8 23. Bxf7+ Kxf7 24. Qc4+ Kf8 25. dxc5 Nd2 26. Qc3 Nxf1
27. Rxf1 Qf6 28. Qxf6+ gxf6 29. Rb1 Re7 30. g4 h5 31. h3 hxg4 32. hxg4 Re4 33.
Rxb7 Rxg4+ 34. Kf2 Rc4 35. Rc7 Ke8 36. Ke3 Kd8 37. Rc6 Kd7 38. Rxf6 Rxc5 39.
Ke4 Ra5 40. Rf7+ Ke8 41. Rb7 Rxa2 42. Ke5 Ra6 43. f6 Ra1 1/2-1/2

[Event "XIV C.to Italiano U20"]
[Site "Bratto - Castione della Presolana ITA"]
[Date "2006.08.23"]
[Round "5"]
[White "Palmitessa, Andrea"]
[Black "Dini, Andrea"]
[Result "0-1"]
[WhiteElo "1512"]
[BlackElo "1930"]
[PlyCount "172"]
[EventDate "2006.08.19"]

1. e4 c5 2. Nf3 d6 3. d4 cxd4 4. Nxd4 Nf6 5. Nc3 g6 6. Be3 Bg7 7. Bb5+ Bd7 8.
Bxd7+ Qxd7 9. O-O O-O 10. f3 Nc6 11. a3 Ne5 12. Qe2 Rac8 13. Rab1 Nc4 14. Qd3
Nxe3 15. Qxe3 a6 16. Rfd1 Qc7 17. Rd2 e6 18. Nde2 Nd7 19. Qd3 Be5 20. f4 Nc5
21. Qe3 Bxc3 22. Nxc3 Rfd8 23. f5 Qe7 24. fxe6 fxe6 25. Rbd1 Rc6 26. Qg3 b5 27.
b4 Nb7 28. Ne2 Rc4 29. Qd3 Qh4 30. Ng3 Rdc8 31. Qe3 Qe7 32. Qa7 R8c6 33. Qf2
Rc3 34. Ra1 Qg7 35. Ra2 Qe7 36. Rd3 Rxd3 37. cxd3 Qf7 38. Qxf7+ Kxf7 39. Kf2
Ke7 40. Ke3 Nd8 41. Ne2 Nf7 42. d4 Rc4 43. Kd3 Nh6 44. h3 Kf6 45. Rc2 Rxc2 46.
Kxc2 Kg5 47. Kd3 Ng8 48. Ke3 Ne7 49. Nc3 h6 50. Kf3 Kh4 51. Ne2 g5 52. Nc3 Nc6
53. Ne2 Nb8 54. Nc3 Nd7 55. a4 bxa4 56. Nxa4 Nb8 57. d5 exd5 58. exd5 Nd7 59.
Nc3 Ne5+ 60. Ke2 Kg3 61. Kf1 Kf4 62. b5 axb5 63. Nxb5 Nc4 64. Kf2 Ke5 65. Nc7
Nb6 66. Kg3 Nxd5 67. Nb5 Ke6 68. h4 Nf6 69. hxg5 hxg5 70. Kf3 Kd5 71. Nc7+ Ke5
72. Nb5 d5 73. Ke3 Ng4+ 74. Kf3 Nh6 75. Ke3 Nf5+ 76. Kf2 g4 77. Nc3 d4 78. Nd1
Ke4 79. Ke2 g3 80. Nb2 Ne3 81. Na4 d3+ 82. Kd2 Kd4 83. Nb2 Nc4+ 84. Nxc4 Kxc4
85. Kd1 Kd4 86. Kd2 Ke4 0-1

[Event "XIV C.to Italiano U20"]
[Site "Bratto - Castione della Presolana ITA"]
[Date "2006.08.23"]
[Round "5"]
[White "Parodi, Alessandro"]
[Black "Torrisi, Andrea"]
[Result "1/2-1/2"]
[WhiteElo "1918"]
[BlackElo "1917"]
[PlyCount "33"]
[EventDate "2006.08.19"]

1. d4 Nf6 2. c4 e6 3. Nc3 Bb4 4. Qc2 O-O 5. e3 d6 6. Bd3 Nbd7 7. Nge2 b6 8. e4
c5 9. d5 exd5 10. cxd5 a6 11. Be3 Ne5 12. Qd2 Nfg4 13. Bf4 c4 14. Bc2 Bc5 15.
Nd4 Qf6 16. Nce2 Ng6 17. Bg3 1/2-1/2

[Event "XIV C.to Italiano U20"]
[Site "Bratto - Castione della Presolana ITA"]
[Date "2006.08.23"]
[Round "5"]
[White "Popa, Dragos"]
[Black "Regorda, Massimiliano"]
[Result "1/2-1/2"]
[WhiteElo "1703"]
[BlackElo "1882"]
[PlyCount "45"]
[EventDate "2006.08.19"]

1. e4 e5 2. d4 exd4 3. Qxd4 Nc6 4. Qe3 Nf6 5. Nc3 Bb4 6. Bd2 O-O 7. O-O-O Re8
8. Bc4 d6 9. f3 Ne5 10. Bb3 Be6 11. Bxe6 Rxe6 12. g4 c5 13. Nge2 Qa5 14. Kb1 b5
15. Bc1 Bxc3 16. Nxc3 Nc4 17. Qd3 Rb8 18. Nd5 Ne5 19. Qe3 Nxd5 20. Rxd5 Nc4 21.
Qd3 Ne5 22. Qd1 Rd8 23. Be3 1/2-1/2

[Event "XIV C.to Italiano U20"]
[Site "Bratto - Castione della Presolana ITA"]
[Date "2006.08.23"]
[Round "5"]
[White "Pulcini, Giorgio"]
[Black "Romano, Zeno"]
[Result "0-1"]
[WhiteElo "1659"]
[BlackElo "1862"]
[PlyCount "112"]
[EventDate "2006.08.19"]

1. e4 e5 2. Nf3 Nc6 3. Bc4 Bc5 4. Nc3 Nf6 5. d3 h6 6. O-O d6 7. Qe2 Bg4 8. Be3
Bb6 9. Bb5 O-O 10. h3 Be6 11. Bxc6 bxc6 12. Qd2 Qe7 13. Nh4 Nxe4 14. Nxe4 Qxh4
15. f4 exf4 16. Bxb6 axb6 17. Rxf4 Qh5 18. Qc3 c5 19. Rf3 f6 20. Re1 Qf7 21.
Ref1 Bd5 22. Nxf6+ gxf6 23. Rxf6 Qg7 24. Rxf8+ Rxf8 25. Qxg7+ Kxg7 26. Re1 Rf7
27. a3 Kf6 28. c3 Re7 29. Rf1+ Kg6 30. Rf2 Re1+ 31. Rf1 Rxf1+ 32. Kxf1 Kf5 33.
g3 h5 34. Kf2 c4 35. dxc4 Bxc4 36. Ke3 Ke5 37. Kf3 Be6 38. g4 hxg4+ 39. hxg4
Kd5 40. b3 Kc5 41. c4 Kd4 42. Kf4 Kc3 43. c5 dxc5 44. b4 cxb4 45. axb4 Kxb4 46.
g5 c5 47. Ke5 Bg8 48. Kd6 c4 49. Kc6 c3 50. Kxb6 c2 51. Kb7 c1=Q 52. g6 Kb5 53.
g7 Qc6+ 54. Kb8 Qd7 55. Ka8 Kb6 56. Kb8 Qb7# 0-1

[Event "XIV C.to Italiano U20"]
[Site "Bratto - Castione della Presolana ITA"]
[Date "2006.08.23"]
[Round "5"]
[White "Puleo, Diego"]
[Black "Andreoni, Giuseppe"]
[Result "0-1"]
[WhiteElo "1767"]
[BlackElo "2003"]
[PlyCount "64"]
[EventDate "2006.08.19"]

1. e4 c5 2. c3 Nf6 3. e5 Nd5 4. d4 cxd4 5. Qxd4 e6 6. Nf3 Nc6 7. Qe4 d6 8. c4
Nb6 9. exd6 Bxd6 10. Nc3 Be7 11. Bd2 f5 12. Qe2 Bf6 13. Rd1 Qe7 14. Nb5 O-O 15.
Bc3 e5 16. g3 Be6 17. b3 Bf7 18. Nd6 Bg6 19. c5 e4 20. Bxf6 Qxf6 21. Nh4 Qc3+
22. Qd2 Qxc5 23. Nxb7 Qe7 24. Nd6 Rad8 25. Qf4 Ne5 26. Nxg6 hxg6 27. Nc4 Qb4+
28. Nd2 Nf3+ 29. Ke2 Nd4+ 30. Ke1 Nc2+ 31. Ke2 Nd5 32. Qe5 Nc3+ 0-1

[Event "XIV C.to Italiano U20"]
[Site "Bratto - Castione della Presolana ITA"]
[Date "2006.08.23"]
[Round "5"]
[White "Rombaldoni, Brian"]
[Black "Battistelli, Alessandro"]
[Result "1/2-1/2"]
[WhiteElo "1704"]
[BlackElo "1872"]
[PlyCount "119"]
[EventDate "2006.08.19"]

1. d4 Nf6 2. Nf3 e6 3. Bf4 d5 4. e3 Be7 5. Bd3 c5 6. c3 Nc6 7. Nbd2 Nh5 8. O-O
Nxf4 9. exf4 cxd4 10. cxd4 Bd6 11. g3 Qf6 12. Nb3 Bd7 13. Ne5 Qe7 14. Rc1 Bxe5
15. fxe5 Nb4 16. Bb1 b6 17. Qg4 O-O 18. Nd2 Bb5 19. Nf3 h6 20. Rfd1 Rac8 21. a3
Nc6 22. Ne1 f5 23. Qh5 Ba4 24. Bc2 Bxc2 25. Rxc2 Na5 26. Rcc1 Qg5 27. Qxg5 hxg5
28. h3 Kh7 29. Nf3 Kg6 30. Nd2 Rh8 31. Kg2 Kf7 32. Nf3 Kg6 33. Nd2 Kf7 34. b4
Nc4 35. Nxc4 dxc4 36. b5 Rhd8 37. Rc3 Kg6 38. Kf3 Rd7 39. Ke3 Rf7 40. Rdc1 Rfc7
41. Kd2 f4 42. g4 Kf7 43. Kc2 a5 44. a4 Rd7 45. Rd1 Ke7 46. Rd2 Kf7 47. Kd1 Kg6
48. Ke2 Kf7 49. Kf3 Rdc7 50. Ke4 Rd8 51. Rd1 Ke7 52. Rdc1 Rdc8 53. d5 exd5+ 54.
Kxd5 Rc5+ 55. Kd4 Ke6 56. Rxc4 Rxc4+ 57. Rxc4 Rxc4+ 58. Kxc4 Kxe5 59. f3 g6 60.
Kc3 1/2-1/2

[Event "XIV C.to Italiano U20"]
[Site "Bratto - Castione della Presolana ITA"]
[Date "2006.08.23"]
[Round "5"]
[White "Stella, Andrea"]
[Black "Locci, Damiano"]
[Result "1/2-1/2"]
[WhiteElo "2120"]
[BlackElo "1976"]
[PlyCount "59"]
[EventDate "2006.08.19"]

1. d4 d5 2. c4 e6 3. Nc3 Nf6 4. cxd5 exd5 5. Bg5 Be7 6. Nf3 c6 7. Qc2 O-O 8. e3
Bg4 9. Ne5 Bh5 10. Bd3 Bg6 11. Nxg6 hxg6 12. O-O Nbd7 13. Rfc1 Re8 14. Na4 Bd6
15. Bh4 Qc7 16. Bg3 Bxg3 17. hxg3 Ne4 18. Bxe4 dxe4 19. Nc5 Nxc5 20. Qxc5 Qe7
21. Qxe7 Rxe7 22. Rc5 Rd8 23. Rac1 f6 24. b4 Rd6 25. Kf1 Kf7 26. Ke2 Ke8 27. a4
Kd7 28. Kd2 Rd5 29. Rxd5+ cxd5 30. Rc5 1/2-1/2

[Event "XIV C.to Italiano U20"]
[Site "Bratto - Castione della Presolana ITA"]
[Date "2006.08.23"]
[Round "5"]
[White "Taglione, Stefano"]
[Black "Gilardi, Davide"]
[Result "0-1"]
[WhiteElo "1667"]
[BlackElo "1518"]
[PlyCount "76"]
[EventDate "2006.08.19"]

1. e4 c5 2. Nf3 d6 3. d4 cxd4 4. Nxd4 Nf6 5. Nc3 a6 6. Be2 b5 7. a3 Bb7 8. f3
e6 9. Be3 Be7 10. Qd2 Nbd7 11. O-O O-O 12. Rad1 Rc8 13. Kh1 Nb6 14. g4 Nfd7 15.
g5 Ne5 16. h4 Nec4 17. Bxc4 Nxc4 18. Qc1 Nxe3 19. Qxe3 Qa5 20. f4 Qb6 21. Qf2
Rxc3 22. bxc3 Bxe4+ 23. Nf3 Qc6 24. Qe3 d5 25. Kh2 Bxf3 26. Qxf3 Qd6 27. Qg2
Qxa3 28. h5 Qxc3 29. g6 fxg6 30. hxg6 h6 31. Rd3 Qc7 32. Qe2 Kh8 33. Rdf3 Rf6
34. Qd3 e5 35. Qxd5 Qxc2+ 36. R1f2 Qxg6 37. Qxe5 Bd6 38. Qd5 Rf5 0-1

[Event "XIV C.to Italiano U20"]
[Site "Bratto - Castione della Presolana ITA"]
[Date "2006.08.23"]
[Round "5"]
[White "Testa, Adriano"]
[Black "Manconi, Antonio"]
[Result "0-1"]
[WhiteElo "1729"]
[BlackElo "2023"]
[PlyCount "62"]
[EventDate "2006.08.19"]

1. e4 c5 2. Nf3 Nc6 3. Bb5 g6 4. Bxc6 dxc6 5. d3 Bg7 6. h3 Nf6 7. Nc3 Nd7 8.
Be3 e5 9. Qd2 Qe7 10. Bh6 Bxh6 11. Qxh6 f6 12. Qe3 Nf8 13. Ne2 Ne6 14. O-O-O
Nd4 15. Kb1 Be6 16. c3 Nxe2 17. Qxe2 Qf7 18. b3 a5 19. Kb2 a4 20. Qc2 O-O 21.
d4 axb3 22. axb3 exd4 23. cxd4 c4 24. bxc4 Bxc4 25. Ra1 Ra6 26. Nd2 Ba2 27. Nb3
Rfa8 28. Nc1 Rb6+ 29. Kc3 Qc4+ 30. Kd2 Qxd4+ 31. Nd3 Rba6 0-1

[Event "XIV C.to Italiano U20"]
[Site "Bratto - Castione della Presolana ITA"]
[Date "2006.08.23"]
[Round "5"]
[White "Valsecchi, Alessio"]
[Black "Sala, Giovanni"]
[Result "1-0"]
[WhiteElo "2004"]
[BlackElo "1968"]
[PlyCount "46"]
[EventDate "2006.08.19"]

1. e4 c5 2. Nf3 d6 3. d4 cxd4 4. Nxd4 Nf6 5. Nc3 a6 6. Bc4 e6 7. Bb3 Nbd7 8.
O-O Nc5 9. f4 Be7 10. e5 dxe5 11. fxe5 Nxb3 12. axb3 Bc5 13. Be3 Nd5 14. Bf2
Nxc3 15. bxc3 Rb8 16. Kh1 Qc7 17. Qg4 g6 18. Bh4 Be7 19. Bxe7 Qxe7 20. Qf4 h5
21. Nf3 Bd7 22. Ng5 Rf8 23. Ne4 Kd8 1-0